| 000 | 00434nam a2200145 4500 | ||
|---|---|---|---|
| 003 | NUST | ||
| 082 | _a621.382,SHA | ||
| 100 |
_aShafi, Muhammad Danial (TE-45) _9131500 |
||
| 245 |
_aBroadband Tactical Antenna / _cMuhammad Danial Shafi, Tariq Nazir, Imran Khaliq and Avaiz Khan Jadoon |
||
| 260 |
_aRawalpindi _bMCS (NUST) _c2012 |
||
| 300 | _ax,36 p.; | ||
| 650 |
_aUG Project _9131132 |
||
| 651 |
_aTE-45 _9131501 |
||
| 942 |
_2ddc _cPR |
||
| 999 |
_c615221 _d615221 |
||